The evolution of morphology / (رقم التسجيلة. 19584)

تفاصيل مارك
000 -الفاتح
حقل البيانات ثابتة الطول 01313cam a22003614a 4500
001 - رقم الضبط
رقم الضبط 15884588
003 - محدد رقم الضبط
رقم الضبط OSt
005 - وقت وتاريخ اخر تعامل مع التسجيلة
رقم الضبط 20150408113957.0
008 - عناصر البيانات ثابتة الطول - معلومات عامة
حقل البيانات ثابتة الطول 111213s2010 enka b 001 0 eng
010 ## - رقم ضبط مكتبة الكونجرس
رقم ضبط مكتبة الكونجرس 2009935888
015 ## - رقم الببليوجرافية الوطنية
رقم الببليوجرافية الوطنية GBA994081
المصدر bnb
016 7# - رقم ضبط الوكاله الوطنية للضبط الببليوجرافي
رقم ضبط التسجيلة 015380171
المصدر Uk
020 ## - الرقم الدولى المعيارى للكتب
الرقم الدولى المعيارى للكتاب 9780199299782 (cased)
020 ## - الرقم الدولى المعيارى للكتب
الرقم الدولى المعيارى للكتاب 0199299781 (cased)
020 ## - الرقم الدولى المعيارى للكتب
الرقم الدولى المعيارى للكتاب 9780199202683 (pbk.)
020 ## - الرقم الدولى المعيارى للكتب
الرقم الدولى المعيارى للكتاب 0199202680 (pbk.)
035 ## - رقم ضبط النظام
رقم ضبط النظام (OCoLC)ocn437305846
040 ## - مصدر الفهرسة
وكالة الفهرسة الأصلية UKM
وكالة النسخ UKM
وكالة التعديل BTCTA
-- BWKUK
-- BWK
-- YDXCP
-- CDX
-- DLC
042 ## - رمز التحقق
رمز التحقق ukblcatcopy
-- lccopycat
082 04 - رقم تصنيف ديوى العشرى
رقم التصنيف 425.9 C A E
رقم الطبعة 22
100 1# - المدخل الرئيسى - إسم شخصى
الإسم الشخصى Carstairs-McCarthy, Andrew,
التواريخ المصاحبة للاسم 1945-
9 (RLIN) 7869
245 14 - بيان العنوان
العنوان The evolution of morphology /
بيان المسئوليه,etc Andrew Carstairs-McCarthy.
260 ## - PUBLICATION, DISTRIBUTION, ETC. (IMPRINT)
مكان الناشر او الموزع Oxford :
اسم الناشر او الموزع Oxford University Press,
تاريخ النشر أو التوزيع 2010.
300 ## - الوصف المادى
التعداد xii, 253 p. :
تفاصيل ماديه اخرى للوعاء ill. ;
أبعاد الوعاء 24 cm.
440 #0 - بيان السلسلة/مدخل إضافى-العنوان
العنوان Oxford linguistics
490 0# - بيان السلسلة
عنوان السلسلة Studies in the evolution of language ; 14
504 ## - تبصرة ببليوجرافية
تبصرة ببليوجرافية,الخ Includes bibliographical references (p. [236]-247) and index.
650 #0 - المدخل الاضافى بالموضوع-مصطلح موضوعى
مصطلح موضوعي أو اسم جغرافي كعنصر مدخل Grammar, Comparative and general
التقسيم الفرعي العام Morphosyntax.
9 (RLIN) 7870
650 #0 - المدخل الاضافى بالموضوع-مصطلح موضوعى
مصطلح موضوعي أو اسم جغرافي كعنصر مدخل Historical linguistics.
906 ## - عنصر بيانات محلى F, LDF (RLIN)
a 7
b cbc
c copycat
d 2
e ncip
f 20
g y-gencatlg
942 ## - عناصر المدخل الإضافي( كوها)
مصدر التصنيف او مخطط الترفيف Dewey Decimal Classification
Koha [default] item type DVD
المقتنيات
حالة الفقد نموذج السعر الفعال حالة تلف ليس للاعارة رقم الطلب تاريخ الاكتساب الموقع الحالي الباركود الفرع الرئيسي Date last seen نوع المادة فى نظام كوها مصدر التصنيف او خطة الترفيف Total Checkouts رقم النسخة
  2013-03-10     425.9 C A E 2011-12-13 قسم الاجراءات الفنية (IC) 00100755 قسم الاجراءات الفنية (IC) 2013-03-10 كتاب Dewey Decimal Classification    
  2013-03-10     425.9 C A E 2011-12-13 قسم الاجراءات الفنية (IC) 00100754 قسم الاجراءات الفنية (IC) 2013-03-10 كتاب Dewey Decimal Classification    
  2013-03-10     425.9 C A E 2011-12-15 قسم الاجراءات الفنية (IC) 00100446 قسم الاجراءات الفنية (IC) 2013-03-10 كتاب Dewey Decimal Classification   n 3
  2013-03-10     425.9 C A E 2011-12-15 قسم الاجراءات الفنية (IC) 00100447 قسم الاجراءات الفنية (IC) 2013-03-10 كتاب Dewey Decimal Classification   n 4